00472nam a22001577a 45000050016000000100015000160200025000310350013000560370013000690820011000821000019000932450063001122600045001752700065002203000029002852010081302532.0 aENG-100216 a9788190919111c80.00 aEN-83748 bDBAD/PUB a328.54 aAnbazhagan, M. aFinance ministers in Indian Parliament /cby M. Anbazhagan aSakthi NagarbOm Sakthi Publishersc2009 aBrammadesam Pudur, Brammadesam (Post)bSakthi Nagare 638315 a166p.:bill.c20cm (pbk)